000 00311nam a2200121Ia 4500
100 _aMeriam/J.L
490 _vII
942 _cBK
654 _aEngineering
245 _aEngineering Mechanics Statistics & Dynamics : Engineering Mechanics-Dynamics
260 _bJohn Wiley
_aNew York
_c1993
546 _aENGLISH
999 _c20811
_d20811